000 00439nam a2200157Ia 4500
008 210210b1912 xxu||||| |||| 00| 0 eng d
082 _a110/14
100 _aARISTOTLE.
245 _aWorks of Aristotle. Vol.5.
260 _aLondon
_bOxford University Press
_c1912
300 _a789
440 _a5
650 _aDe Partibus Animalium De motu and De Incesse Animalium De Generations Animalism
690 _aPhilosophy
906 _a000808
999 _c77323
_d77323